Apuntes para una estrategia de desarrollo rural /
Guardado en:
| Autores Corporativos: | , |
|---|---|
| Formato: | Texto |
| Publicado: |
Managua:
UCA
|
| Materias: | |
| Etiquetas: |
Agregar Etiqueta
Sin Etiquetas, Sea el primero en etiquetar este registro!
|
MARC
| LEADER | 00000 a a2200000 04500 | ||
|---|---|---|---|
| 001 | 26502 | ||
| 003 | |||
| 040 | |a CRAI/IIS |c CRAI/IIS | ||
| 090 | |a 148604 | ||
| 110 | |a NITLAPAN | ||
| 245 | |a Apuntes para una estrategia de desarrollo rural / |c NITLAPAN | ||
| 260 | |a Managua: |b UCA | ||
| 300 | |a 124 p |b **no definido** | ||
| 650 | |a AGROINDUSTRIA | ||
| 650 | |a ECONOMIA AGRARIA | ||
| 650 | |a DESARROLLO RURAL | ||
| 650 | |a DESARROLLO REGIONAL | ||
| 650 | |a ECONOMIA RURAL | ||
| 650 | |a ZONAS RURALES | ||
| 650 | |a REGIONALIZACION | ||
| 650 | |a PLANIFICACION REGIONAL | ||
| 650 | |a PROCESAMIENTO DE PRODUCTOS | ||
| 650 | |a CONDICIONES ECONOMICAS | ||
| 650 | |a DESIGUALDAD REGIONAL | ||
| 650 | |a PRODUCCION AGROPECUARIA | ||
| 650 | |a COMERCIO | ||
| 650 | |a AGROINDUSTRIA | ||
| 650 | |a ECONOMIA AGRARIA | ||
| 650 | |a DESARROLLO RURAL | ||
| 710 | |a CRIES | ||
| 999 | |c 16096 |d 16096 | ||
